000 00312nam a22001337a 4500
008 170815b xxu||||| |||| 00| 0 eng d
020 _a9780534385415
041 _aeng
080 _24 ED
_a51
100 _a36
101 _aMAT
245 _aPRECALCULUS MATHEMATICS FOR CALCULUS
_cREDLIN.L
942 _2udc
_cBK
999 _c23517
_d23517